Proceedings of the sixth meeting of the central advisory board of education in India (Record no. 506907)

MARC details
000 -LEADER
fixed length control field 00919nam a2200265Ia 4500
003 - CONTROL NUMBER IDENTIFIER
control field OSt
005 - DATE AND TIME OF LATEST TRANSACTION
control field 20220925184136.0
008 - FIXED-LENGTH DATA ELEMENTS--GENERAL INFORMATION
fixed length control field 220923b |||||||| |||| 00| 0 eng d
037 ## - SOURCE OF ACQUISITION
Terms of availability General Book
040 ## - CATALOGING SOURCE
Original cataloging agency RTL
Transcribing agency RTL
Language of cataloging eng
041 ## - LANGUAGE CODE
Source of code eng
Language code of text/sound track or separate title eng
110 ## - MAIN ENTRY--CORPORATE NAME
Corporate name or jurisdiction name as entry element Bureau of Education, India
9 (RLIN) 260458
111 ## - MAIN ENTRY--MEETING NAME
Meeting name or jurisdiction name as entry element Proceedings Of The Central Advisory Board Of Education In India (6th : 1941 : Madras)
9 (RLIN) 260459
245 #0 - TITLE STATEMENT
Title Proceedings of the sixth meeting of the central advisory board of education in India
260 ## - PUBLICATION, DISTRIBUTION, ETC.
Place of publication, distribution, etc. Delhi
Name of publisher, distributor, etc. Manager of Publication India
Date of publication, distribution, etc. 1941
300 ## - PHYSICAL DESCRIPTION
Extent 131p.
Dimensions cm.
490 ## - SERIES STATEMENT
Series statement India, Education (Bureau of-) Publication
650 ## - SUBJECT ADDED ENTRY--TOPICAL TERM
Topical term or geographic name entry element Secondary Education
9 (RLIN) 171032
700 ## - ADDED ENTRY--PERSONAL NAME
Personal name Bureau of Education, India
9 (RLIN) 260460
942 ## - ADDED ENTRY ELEMENTS (KOHA)
Classification part T2p2,N41, H1/GD
Koha item type General Books
Source of classification or shelving scheme Colon Classification (CC)
Holdings
Withdrawn status Lost status Damaged status Not for loan Home library Current library Date acquired Total Checkouts Full call number Barcode Date last seen Price effective from Koha item type
        Ratan Tata Library Ratan Tata Library 2022-09-25   T2p2,N41 H1/GD RT0035142 2022-09-25 2022-09-25 General Books
Copyright @ Delhi University Library System